Transferové oceňovanie - súčasné trápenie malých podnikateľov

Salvato in:
Dettagli Bibliografici
Autore principale: Harumová, Anna, 1955-
Natura: Capitolo di libro
Lingua:slovacco
Soggetti:
Tags: Aggiungi Tag
Nessun Tag, puoi essere il primo ad aggiungerne!!

MARC

LEADER 00000nla a2200000 4500
001 0209251
005 20240502073457.2
041 0 |a slo 
044 |a SK 
245 1 0 |a Transferové oceňovanie - súčasné trápenie malých podnikateľov  |c Anna Harumová 
610 2 0 |a oceňovanie transferové 
610 2 0 |a úpravy právne 
610 2 0 |a podnikanie malé 
100 1 |a Harumová, Anna, 1955-